| 000 | 00451nam a2200157 i 4500 | ||
|---|---|---|---|
| 001 | 68101 | ||
| 003 | ES-MaACL | ||
| 005 | 20230906170215.0 | ||
| 007 | t| | ||
| 008 | 040610s1971 sp ||||1| spa d | ||
| 100 | 1 |
_aGanzenmueller Roig, Carlos. _953892 |
|
| 245 | 1 | 0 |
_aCuarto creciente / _cCarlos Ganzenmüller Roig. |
| 260 |
_aBarcelona : _bEdisven, _c1971. |
||
| 300 |
_a168 p. : _bil., retr. aut. ; _c22 cm. |
||
| 852 |
_aES-MaACL _jC-38721 _bR.78740 |
||
| 999 |
_c68101 _d68101 |
||